000 00648nam a2200205 a 4500
005 20210223132359.0
008 140613s2005 mx r 000 0 spa d
020 _a970291289X
035 _aUPN01000197894
049 _aI
050 4 _aQ143 H8
_bH8.2
100 1 _aHuerta-Nava, Raquel,
_d1963-
_935830
245 1 0 _aAlexander von Humboldt /
_cRaquel Huerta-Nava ; il. Erika Martínez.
260 _aMéxico :
_bSantillana,
_cc2005.
300 _a63 p. :
_bil. col.
440 0 _aCaminantes en el tiempo.
_pDivulgación
600 1 4 _aHUMBOLDT, ALEXANDER VON,
_d1769-1859 -
_vLITERATURA JUVENIL
_923287
905 _aInfantil
999 _c169995
_d169995